[Event "Santiago Endesa Classification"]
[Site "Santiago de Chile"]
[Date "2008.10.03"]
[Round "7"]
[White "Escudero Donoso, Felipe"]
[Black "Centonzio Rossel, Francesco"]
[Result "1/2-1/2"]
[WhiteElo "1931"]
[BlackElo "2020"]
[PlyCount "69"]
[EventDate "2008.09.24"]
[EventType "swiss"]
[EventRounds "9"]
[EventCountry "CHI"]
[SourceTitle "EXT 2012"]
[Source "ChessBase"]
[SourceDate "2011.11.24"]
[SourceVersion "1"]
[SourceVersionDate "2011.11.24"]
[SourceQuality "1"]

1. e4 e6 2. d4 d5 3. Nd2 Be7 4. e5 c5 5. c3 Nc6 6. Ndf3 Nh6 7. Bxh6 gxh6 8. Bd3 cxd4 9. cxd4 Bd7 10. Ne2 Nb4 11. Bb1 Bb5 12. a3 Qa5 13. 0-0 Qa6 14. Re1 Nd3 15. Bxd3 Bxd3 16. Rc1 Bf5 17. Qd2 Rg8 18. Ng3 Bg4 19. Qxh6 Bxf3 20. gxf3 Qd3 21. Rc3 Rg6 22. Rxd3 Rxh6 23. Rc1 Kd7 24. Rdc3 Bd8 25. b4 Bb6 26. f4 Rh4 27. Ne2 Rg8+ 28. Rg3 Rhg4 29. Rcc3 Bd8 30. h3 R4g6 31. Kf1 Be7 32. f5 Rxg3 33. Nxg3 Rc8 34. fxe6+ fxe6 35. Rf3 1/2-1/2

[Event "Santiago Endesa 15"]
[Site "Santiago de Chile"]
[Date "2008.08.25"]
[Round "4"]
[White "Centonzio Rossel, Francesco"]
[Black "Pavez Cuevas, Luciano Andrez"]
[Result "0-1"]
[WhiteElo "2019"]
[BlackElo "2081"]
[PlyCount "69"]
[EventDate "2008.08.18"]
[EventType "tourn"]
[EventRounds "11"]
[EventCountry "CHI"]
[SourceTitle "EXT 2012"]
[Source "ChessBase"]
[SourceDate "2011.11.24"]
[SourceVersion "1"]
[SourceVersionDate "2011.11.24"]
[SourceQuality "1"]

1. e4 e5 2. Nf3 Nc6 3. Bc4 d6 4. d3 Be7 5. c3 Nf6 6. h3 a5 7. Be3 h6 8. 0-0 0-0 9. Nbd2 d5 10. Bb3 Be6 11. Bc2 d4 12. cxd4 exd4 13. Bf4 Nd7 14. Re1 Bc5 15. Rc1 Nb4 16. Bb1 Nxa2 17. Bxa2 Bxa2 18. Qa4 Be6 19. Nxd4 c6 20. N2f3 Nb6 21. Nxe6 fxe6 22. Qb3 Bb4 23. Qxe6+ Kh7 24. Be3 Bxe1 25. Nxe1 Nd7 26. f4 a4 27. e5 Ra5 28. Nf3 Rd5 29. d4 Qe8 30. Qg4 Qg6 31. Qh4 Kg8 32. g4 Qe4 33. Kf2 Rb5 34. Nd2 Rxb2 35. Rb1 0-1

[Event "CHI-ch "]
[Site "Santiago de Chile"]
[Date "2002.02.19"]
[Round "9"]
[White "Vargas Maliqueo, Ivan Patricio"]
[Black "Centonzio Rossel, Francesco"]
[Result "1-0"]
[WhiteElo "2272"]
[BlackElo "2070"]
[PlyCount "99"]
[EventDate "2002.02.12"]
[EventType "swiss"]
[EventRounds "11"]
[EventCountry "CHI"]
[SourceTitle "CBM 086 Extra"]
[Source "ChessBase"]
[SourceDate "2002.03.14"]
[SourceVersion "1"]
[SourceVersionDate "2002.03.14"]
[SourceQuality "1"]

1. e4 e6 2. d4 d5 3. Nd2 Be7 4. f4 c5 5. Ngf3 cxd4 6. exd5 Qxd5 7. Bc4 Qd6 8. 0-0 Nf6 9. Nb3 Qc7 10. Bb5+ Bd7 11. Bxd7+ Nbxd7 12. Nfxd4 0-0 13. Qf3 a6 14. Be3 Nc5 15. Rac1 Rac8 16. Rfd1 Rfd8 17. c3 Nd5 18. Bd2 Bf6 19. Kh1 Nxb3 20. Nxb3 Nb6 21. Be1 Rxd1 22. Rxd1 Nc4 23. Qf2 Rd8 24. Rxd8+ Qxd8 25. Qe2 Qd5 26. Nc1 e5 27. Nd3 e4 28. Nb4 Qe6 29. f5 Qc8 30. Qxe4 Nd6 31. Qf4 Qxf5 32. Qxf5 Nxf5 33. Nd5 Bd8 34. Bf2 Nd6 35. Kg1 f5 36. Bd4 Kf7 37. Kf2 g6 38. Kf3 Nc4 39. b3 Nd2+ 40. Ke2 Ne4 41. c4 Bf6 42. Kd3 Bxd4 43. Kxd4 Ke6 44. c5 Nf6 45. Nxf6 Kxf6 46. b4 g5 47. a4 f4 48. b5 a5 49. c6 bxc6 50. bxc6 1-0